000 00982nas a2200301 4500
001 BR2014008187
003 BR-BrBNA
005 20231205124845.0
007 ta
008 230509b bl.|||p| |||| 00| 00por d
040 _aBR-BrBNA
_bpor
_cBiblioteca Nacional de Agricultura
041 _a(Pt)
072 _aC30
100 1 _aMutton, R.
100 1 _aIshida, E.K.
100 1 _aCorrêa, A.M.R.
100 1 _aRegina, M.C.L.
100 1 _aBurse, M.H.
245 1 _a8 Congresso Brasileiro de Biblioteconomia e Documentação, 1 Curso nacional de treinamento sobre registro de dados bibliográficos segundo a metodologia AGRIS/AGRINTER
650 _aSISTEMA DE INFORMACAO
650 _aBASE DE DADOS
650 _aBIBLIOTECA
650 _aDOCUMENTACAO
650 _aPROCESSAMENTO DA INFORMACAO
773 0 _tZootecnia (Brazil)
_xISSN 0044-5320
_g(Jul-Sep 1975), v. 13(3) p. 163-177
_wBR2014008187
909 _a202311
_bLúcia
_c55
_dLúcia Elande
942 _2AGRIS
_n0
_cANA
999 _c241266
_d241266